1511 1465 1521 1898 1972 1604 1500 1278 1180 1708 1648 1965 1839 1389 1060 1039 1517 1134 1278 1151 1371 1293 1965 1151 1957 1407 1066 1058 1652 1046 1071 1283 1590 1626 1450 1117 1532 1693 1981 1642 1703 1542 1421 1674 1048 1786 1807 1708 1488 1265 1111 1759 1792 1141 1296 1710 1833 1768 1852 1328 1162 1020 1183 1365 1063 1609 1011 1819 1820 1577 1743 1114 1538 1831 1324 1290 1273 1454 1039 1127 1448 1277 1105 1264 1055 1041 1126 1375 1038 1053 1365 1849 1654 1094 1121 1795 1960 1029 1167 BCNSPRNW ULIB Ver.6.0+V

เปลี่ยนเป็นภาษาไทย

Change to English
 แสดงรายละเอียดบรรณานุกรม
  กลับหน้าหลัก

Brief Record : Get Marc (ISO 2709) : E-mail record : QR code < ปิดหน้าต่าง
LEADER : 00000nam 2200000uu 4500
001    13399110393
003     ULIB
008    110429s2550||||th 000 0 tha d
020    9789749492758 (เล่ม 1)
020    9789748130040 (เล่ม 2)
020    9789747046410 (เล่ม 3)
020    9789741316694 (เล่ม 4)
050  4 BQ4570.L5^bพ171 2550-
100 0  พระมหาสมปอง ตาลปุตฺโต.
245 10 ธรรมะเดลิเวอรี่ เล่ม 2 ธรรมะคู่รัก /^cพระมหาสมปอง ตาลปุตฺโต ; สุภาพรรณเยี่ยมชัยภูมิ, บรรณาธิการ.
246 34 ธรรมะ Delivery.
260    กรุงเทพฯ :^bPhisit Thaioffset,^c2550-
300    เล่ม :^bภาพประกอบ ;^c19 ซม.
505 2  เล่ม 1 ธรรมะวัยรุ่น -- เล่ม 2 ธรรมะคู่รัก -- เล่ม 3ธรรมะวัยทำงาน -- เล่ม 4 ธรรมะครอบครัว.
650  4 ธรรมะกับชีวิตประจำวัน.
650  4 การดำเนินชีวิต.
700 0  สุภาพรรณ เยี่ยมชัยภูมิ.
850    เล่ม 1-4
945    ^p115^l0^i024864
995     เกษร
999 ^a ใช้งานได้ทุกระบบ
รายการนี้ยังไม่มีแท็ก
คุณยังไม่ได้ล็อกอิน คุณสามารถมีกิจกรรมร่วมกับเว็บไซต์ได้ แต่ต้องล็อกอินก่อน ::
  ล็อกอิน

รายการสื่อสารสนเทศ

ลำดับที่ ประเภท เลขเรียก/บาร์โค้ด สถานที่ สถานะ
- ไม่พบข้อมูล -

รายการใกล้เคียง
    ผู้แต่ง [พระมหาสมปอง ตาลปุตฺโต.]

    หัวเรื่อง [ธรรมะกับชีวิตประจำวัน.]
    หัวเรื่อง [การดำเนินชีวิต.]

BibComment


ยังไม่เคยถูกคอมเมนท์

คอมเมนท์ทรัพยากรรายการนี้
  คอมเมนท์: ธรรมะเดลิเวอรี่ เ..


 Copyright 2026. Bcnsprnw @Library